[Event "Junior Online 4NCL Division 4"]
[Site "online"]
[Date "2021.08.19"]
[EventDate "2021.08.19"]
[Round "1.232"]
[White "Kong, Emma"]
[WhiteElo "1030"]
[WhiteTeam "Young Dragons D"]
[Black "Botnari, Sofia"]
[BlackElo "961"]
[BlackTeam "Chess Challengers G"]
[Result "1-0"]
[PlyCount "29"]

1. e4 e6 2. d4 d5 3. Nd2 Nf6 4. e5 Ng8 5. Ngf3 c5 6. c3 cxd4 7. cxd4 f6 8. Bb5+ Nc6 9. Qc2 fxe5 10. Nxe5 Qf6 11. Bxc6+ bxc6 12. Qxc6+ Ke7 13. Qxa8 g5 14. Qxa7+ Bd7 15. Qxd7# 1-0

[Event "Junior Online 4NCL Division 4"]
[Site "online"]
[Date "2021.08.19"]
[EventDate "2021.08.19"]
[Round "1.234"]
[White "Davies, Louise"]
[WhiteElo "471"]
[WhiteTeam "Young Dragons D"]
[Black "Mishra, Mihir"]
[BlackElo "940"]
[BlackTeam "Chess Challengers G"]
[Result "1-0"]
[PlyCount "45"]

1. e4 e5 2. Nf3 d6 3. Nc3 Nf6 4. Bc4 h6 5. d3 c6 6. O-O d5 7. exd5 cxd5 8. Bb5+ Bd7 9. Nxe5 Bxb5 10. Nxb5 Qe7 11. d4 Nc6 12. Bf4 g5 13. Bg3 a6 14. Nxc6 bxc6 15. Nc7+ Kd7 16. Nxa8 Kd8 17. Re1 Qb7 18. Nc7 Bb4 19. Qf3 Bxe1 20. Qxf6+ Kd7 21. Qxh8 Bxf2+ 22. Kxf2 Qxb2 23. Qe8# 1-0

[Event "Junior Online 4NCL Division 4"]
[Site "online"]
[Date "2021.08.19"]
[EventDate "2021.08.19"]
[Round "1.235"]
[White "Kulkarni, Arnav"]
[WhiteElo "1033"]
[WhiteTeam "Young Dragons D"]
[Black "Garg, Arnav"]
[BlackElo "1050"]
[BlackTeam "Chess Challengers G"]
[Result "1-0"]
[PlyCount "49"]

1. e4 e5 2. Nf3 Nc6 3. Bc4 Bc5 4. Nc3 Nf6 5. d3 O-O 6. Bg5 Qe8 7. Nd5 Nxd5 8. Bxd5 Nd4 9. Nxd4 Bxd4 10. c3 Bb6 11. Qf3 c6 12. Bc4 d6 13. O-O Be6 14. Rfe1 Bxc4 15. dxc4 Qe6 16. Rad1 f6 17. Be3 Bxe3 18. Rxe3 Rad8 19. c5 Qxa2 20. cxd6 Qb3 21. Rd2 Qe6 22. Red3 Rf7 23. Qh3 Rfd7 24. Qxe6+ Rf7 25. d7 1-0

[Event "Junior Online 4NCL Division 4"]
[Site "online"]
[Date "2021.08.19"]
[EventDate "2021.08.19"]
[Round "1.236"]
[White "Botnari, Sofia"]
[WhiteElo "961"]
[WhiteTeam "Chess Challengers G"]
[Black "Kong, Emma"]
[BlackElo "1030"]
[BlackTeam "Young Dragons D"]
[Result "0-1"]
[PlyCount "158"]

1. e3 e5 2. Bc4 Nc6 3. Qh5 Qe7 4. e4 Nf6 5. Qf3 Nd4 6. Qd1 Nxe4 7. Nh3 Nf6 8. c3 Nc6 9. d4 d5 10. Bb5 Bd7 11. dxe5 Qxe5+ 12. Be3 Be7 13. O-O O-O 14. Bf4 Qh5 15. Be2 Bg4 16. f3 Bxh3 17. gxh3 Qg6+ 18. Bg3 Nh5 19. Qe1 Bd6 20. f4 Nxf4 21. Bg4 Nh5 22. Bxd6 cxd6 23. Kh1 Nf6 24. Bf5 Qg5 25. Bc2 Qe5 26. Qf2 Rae8 27. Bd3 Ne4 28. Qh4 Qg5 29. Qxg5 Nxg5 30. Rg1 f6 31. Rg4 h6 32. h4 Nf7 33. Na3 Nfe5 34. Bg6 Nxg4 35. Bxe8 Rxe8 36. Rg1 h5 37. h3 Nh6 38. Nc2 Re2 39. Na3 Rxb2 40. Ra1 Nf5 41. Kg1 Nxh4 42. c4 Rg2+ 43. Kf1 dxc4 44. Nxc4 Nd4 45. Nxd6 b6 46. Nc4 Rh2 47. a4 Rxh3 48. a5 Rf3+ 49. Ke1 bxa5 50. Rxa5 Nc2+ 51. Ke2 Rf4 52. Nd6 Nd4+ 53. Kd1 Rf1+ 54. Kd2 Nb3+ 55. Ke2 Nxa5 56. Kxf1 Nc6 57. Nb5 a6 58. Nc3 a5 59. Kf2 Kf7 60. Kg3 Nf5+ 61. Kf4 Kg6 62. Ke4 h4 63. Kf3 Kg5 64. Kg2 Kg4 65. Kh2 h3 66. Kh1 Kg3 67. Kg1 Nfd4 68. Ne4+ Kf4 69. Nf2 Kg3 70. Ne4+ Kh4 71. Kh2 Nf3+ 72. Kh1 a4 73. Nc3 a3 74. Na2 Ncd4 75. Nc3 Nc2 76. Na2 g5 77. Nc3 g4 78. Na2 g3 79. Nc3 g2# 0-1

[Event "Junior Online 4NCL Division 4"]
[Site "online"]
[Date "2021.08.19"]
[EventDate "2021.08.19"]
[Round "1.237"]
[White "Hoccom, Sebastian"]
[WhiteElo "1040"]
[WhiteTeam "Young Dragons D"]
[Black "Botnari, Diana"]
[BlackElo "938"]
[BlackTeam "Chess Challengers G"]
[Result "1-0"]
[PlyCount "69"]

1. e4 e5 2. Nf3 Nf6 3. Nc3 Nc6 4. d4 d6 5. Bb5 a6 6. Bxc6+ bxc6 7. dxe5 dxe5 8. Qxd8+ Kxd8 9. Nxe5 Bb4 10. Nxf7+ Ke8 11. Nxh8 Bxc3+ 12. bxc3 Nxe4 13. Bb2 Rb8 14. Ba3 Nxc3 15. O-O Ne2+ 16. Kh1 h5 17. Rfe1 Bg4 18. f3 Bf5 19. Rxe2+ Kd7 20. Nf7 Be6 21. Rd1+ Ke8 22. Rxe6+ Kxf7 23. Rxc6 Rh8 24. Rxc7+ Kg6 25. Rd6+ Kg5 26. Rc5+ Kf4 27. Rd4+ Ke3 28. Bb2 Rb8 29. Re5+ Kf2 30. Rd2+ Kf1 31. Bc3 Rb1 32. Ree2 g5 33. Rf2+ Ke1 34. Kg1 g4 35. Rf1# 1-0

[Event "Junior Online 4NCL Division 4"]
[Site "online"]
[Date "2021.08.19"]
[EventDate "2021.08.19"]
[Round "1.238"]
[White "Mishra, Mihir"]
[WhiteElo "940"]
[WhiteTeam "Chess Challengers G"]
[Black "Davies, Louise"]
[BlackElo "471"]
[BlackTeam "Young Dragons D"]
[Result "0-1"]
[PlyCount "48"]

1. e4 e5 2. Nf3 Nc6 3. Bb5 Bc5 4. Bxc6 bxc6 5. d4 Bb6 6. Nxe5 Nf6 7. Qf3 Bxd4 8. Nd3 Ba6 9. Be3 Bxb2 10. Nxb2 O-O 11. a4 d5 12. e5 Ne4 13. Na3 Re8 14. Bd4 c5 15. Bxc5 Nxc5 16. Nd3 Nxd3+ 17. Kd2 Nxe5 18. Qg3 Rb8 19. Rhe1 f6 20. Kc3 c5 21. Kd2 Qa5+ 22. Kd1 d4 23. Ra2 Qxa4 24. f4 Nc4 0-1

[Event "Junior Online 4NCL Division 4"]
[Site "online"]
[Date "2021.09.02"]
[EventDate "2021.09.02"]
[Round "2.11"]
[White "Poon, Evan"]
[WhiteElo "1252"]
[WhiteTeam "KEGS B"]
[Black "Patel, Amya Hetal"]
[BlackElo "1142"]
[BlackTeam "Edgware Gambits F"]
[Result "1-0"]
[PlyCount "65"]

1. e4 e6 2. d4 d5 3. exd5 exd5 4. Nc3 Nf6 5. Bd3 Nc6 6. Nf3 Be6 7. O-O Bd6 8. Re1 Qd7 9. Bg5 Qe7 10. Bxf6 Qxf6 11. Nxd5 Qd8 12. Nc3 O-O 13. d5 Bxd5 14. Nxd5 Be7 15. Nxe7+ Nxe7 16. Qe2 Nc6 17. Rad1 Re8 18. Qf1 Rxe1 19. Qxe1 Nb4 20. Bxh7+ Kxh7 21. Rxd8 Rxd8 22. h3 Nxc2 23. Qe4+ g6 24. Qxc2 c6 25. Qe4 f5 26. Qe7+ Kg8 27. Qxd8+ Kh7 28. Qd7+ Kg8 29. Qxb7 Kf8 30. Ng5 Ke8 31. Qxc6+ Ke7 32. Qxg6 Kf8 33. Qf7# 1-0

[Event "Junior Online 4NCL Division 4"]
[Site "online"]
[Date "2021.09.02"]
[EventDate "2021.09.02"]
[Round "2.12"]
[White "Milani-Foglia, Aurelio"]
[WhiteElo "1128"]
[WhiteTeam "Edgware Gambits F"]
[Black "Badhrinath, Adhvaith B"]
[BlackElo "1121"]
[BlackTeam "KEGS B"]
[Result "0-1"]
[PlyCount "50"]

1. e4 e5 2. Nf3 Nc6 3. Bc4 Nf6 4. d3 Bc5 5. Bg5 Be7 6. Nc3 d6 7. h3 O-O 8. Bb3 Na5 9. O-O Re8 10. Nd5 Nxd5 11. Bxe7 Nxe7 12. Ng5 Nxb3 13. axb3 Be6 14. Qh5 h6 15. Nxe6 fxe6 16. f4 exf4 17. Rxf4 Rf8 18. Rg4 Kh7 19. Qg6+ Nxg6 20. h4 Ne5 21. Rg3 Qxh4 22. Rh3 Qf2+ 23. Kh2 Ng4+ 24. Kh1 Qf1+ 25. Rxf1 Rxf1# 0-1

[Event "Junior Online 4NCL Division 4"]
[Site "online"]
[Date "2021.09.02"]
[EventDate "2021.09.02"]
[Round "2.14"]
[White "Szajman, Adam"]
[WhiteElo "1048"]
[WhiteTeam "Edgware Gambits F"]
[Black "Owen, Joshua"]
[BlackElo "1021"]
[BlackTeam "KEGS B"]
[Result "1-0"]
[PlyCount "95"]

1. d4 d5 2. c4 Nf6 3. cxd5 Nxd5 4. e4 Nf6 5. Nc3 Bg4 6. f3 Bh5 7. Bg5 e6 8. e5 h6 9. Bh4 Bb4 10. exf6 gxf6 11. Ne2 Nc6 12. a3 Ba5 13. b4 Bb6 14. Bf2 e5 15. dxe5 Qxd1+ 16. Rxd1 Nxe5 17. Bxb6 axb6 18. Nf4 Bg6 19. Ncd5 O-O-O 20. Ne7+ Kb8 21. Rxd8+ Rxd8 22. Nexg6 fxg6 23. Bb5 c6 24. Be2 g5 25. Nh3 Re8 26. O-O c5 27. f4 Ng6 28. Bh5 Nxf4 29. Bxe8 Nxh3+ 30. gxh3 cxb4 31. axb4 b5 32. Bxb5 Kc7 33. Rxf6 h5 34. Rf5 g4 35. hxg4 hxg4 36. Rg5 Kb6 37. Be2 g3 38. Rxg3 Kc6 39. h4 Kd7 40. h5 Ke6 41. h6 Kf5 42. h7 Kf4 43. Rg8 Kf5 44. h8=Q Ke4 45. Qh4+ Ke3 46. Rg3+ Kd2 47. Qd4+ Ke1 48. Qd1# 1-0

[Event "Junior Online 4NCL Division 4"]
[Site "online"]
[Date "2021.09.02"]
[EventDate "2021.09.02"]
[Round "2.15"]
[White "Patel, Amya Hetal"]
[WhiteElo "1142"]
[WhiteTeam "Edgware Gambits F"]
[Black "Poon, Evan"]
[BlackElo "1252"]
[BlackTeam "KEGS B"]
[Result "0-1"]
[PlyCount "80"]

1. e4 e5 2. Nf3 Nc6 3. Nc3 Nf6 4. Bb5 d6 5. Bxc6+ bxc6 6. O-O g6 7. d3 Bg7 8. Be3 O-O 9. Qd2 Ng4 10. h3 Nxe3 11. Qxe3 f5 12. d4 fxe4 13. Nxe4 d5 14. Nc3 exd4 15. Nxd4 c5 16. Nxd5 cxd4 17. Qb3 Kh8 18. Nb4 Rb8 19. a3 c5 20. Qg3 Bf5 21. Nd3 c4 22. Nf4 Be5 23. Qf3 Bxf4 24. Qxf4 Rxb2 25. Rfc1 Rxc2 26. Rxc2 Bxc2 27. Qe5+ Qf6 28. Qc5 Qxf2+ 29. Kh2 Qf4+ 30. Kg1 d3 31. g3 Qxg3+ 32. Kh1 Qxh3+ 33. Kg1 Qf3 34. Qd4+ Qf6 35. Qxc4 Qxa1+ 36. Kg2 d2 37. Qd4+ Qxd4 38. Kh1 Be4+ 39. Kh2 Qf2+ 40. Kh3 Bf5# 0-1

[Event "Junior Online 4NCL Division 4"]
[Site "online"]
[Date "2021.09.02"]
[EventDate "2021.09.02"]
[Round "2.16"]
[White "Badhrinath, Adhvaith B"]
[WhiteElo "1121"]
[WhiteTeam "KEGS B"]
[Black "Milani-Foglia, Aurelio"]
[BlackElo "1128"]
[BlackTeam "Edgware Gambits F"]
[Result "1-0"]
[PlyCount "43"]

1. e4 e6 2. Nc3 d5 3. d4 Nf6 4. Bd3 c5 5. Nf3 Qb6 6. exd5 exd5 7. Bg5 Be7 8. O-O cxd4 9. Nxd4 Qxd4 10. Bb5+ Bd7 11. Qxd4 Bxb5 12. Nxb5 Nc6 13. Qd2 O-O 14. Rfe1 Ne4 15. Qe2 Bxg5 16. f3 Nf6 17. c4 dxc4 18. Qxc4 a6 19. Nc7 Rac8 20. Nd5 Nxd5 21. Qxd5 Rcd8 22. Qxg5 1-0

[Event "Junior Online 4NCL Division 4"]
[Site "online"]
[Date "2021.09.02"]
[EventDate "2021.09.02"]
[Round "2.18"]
[White "Owen, Joshua"]
[WhiteElo "1021"]
[WhiteTeam "KEGS B"]
[Black "Szajman, Adam"]
[BlackElo "1048"]
[BlackTeam "Edgware Gambits F"]
[Result "0-1"]
[PlyCount "210"]

1. e4 e6 2. Nf3 d5 3. e5 c5 4. d4 cxd4 5. Nxd4 Nc6 6. Bb5 Bd7 7. Bxc6 Bxc6 8. Nc3 Qc7 9. Bf4 Bb4 10. O-O Ne7 11. h3 Ng6 12. Bg3 O-O 13. Nxc6 bxc6 14. Qd4 Be7 15. a3 c5 16. Nb5 Qb8 17. Qc3 Qxb5 18. Rfe1 Bh4 19. Bh2 Rab8 20. Rab1 d4 21. Qd3 Qxd3 22. cxd3 Rb3 23. Red1 Rfb8 24. Rd2 Bg5 25. f4 Nxf4 26. Bxf4 Bxf4 27. Rc2 Bxe5 28. Rxc5 Bd6 29. Rc6 Bxa3 30. Rbc1 Bf8 31. R1c2 Rxb2 32. R2c4 Rb1+ 33. Kf2 e5 34. Rc7 R1b2+ 35. Kf3 a5 36. Ra7 R2b5 37. Rcc7 Bd6 38. Rxf7 g6 39. Ke4 Rb3 40. Rxh7 g5 41. Rhg7+ Kf8 42. Rxg5 R3b7 43. Rf5+ Ke8 44. Rxa5 Rb5 45. Rxb5 Rxb5 46. Rf6 Be7 47. Re6 Rb3 48. g4 Rb1 49. g5 Rg1 50. g6 Kf8 51. Kxe5 Bh4 52. Kf5 Kg7 53. Re7+ Kf8 54. Rh7 Bf2 55. g7+ Rxg7 56. Rh5 Rf7+ 57. Ke4 Be3 58. Rh8+ Kg7 59. Re8 Rf4+ 60. Ke5 Rf3 61. Ke4 Rxh3 62. Ke5 Rh5+ 63. Ke4 Rh4+ 64. Ke5 Bf4+ 65. Kxd4 Rh3 66. Kc3 Kf7 67. Re4 Bd6 68. Rd4 Ke6 69. Kc4 Be5 70. Re4 Kd6 71. d4 Bf6 72. d5 Ra3 73. Re6+ Kd7 74. Rxf6 Ra4+ 75. Kc5 Ra5+ 76. Kd4 Ra4+ 77. Ke5 Ra2 78. Rf7+ Ke8 79. Ke6 Re2+ 80. Kf6 Rf2+ 81. Ke6 Rxf7 82. d6 Rg7 83. d7+ Rxd7 84. Kf6 Re7 85. Kf5 Kf7 86. Kf4 Kf6 87. Kf3 Kf5 88. Kg3 Re4 89. Kf3 Ke5 90. Kf2 Kf4 91. Kg2 Kg4 92. Kf2 Kf4 93. Kg2 Re3 94. Kf2 Ra3 95. Ke2 Ke4 96. Kd2 Kd4 97. Kc2 Kc4 98. Kd2 Kd4 99. Ke2 Rb3 100. Kd2 Rb2+ 101. Ke1 Kd3 102. Kf1 Ke3 103. Kg1 Kf3 104. Kh1 Kg3 105. Kg1 Rb1# 0-1

[Event "Junior Online 4NCL Division 4"]
[Site "online"]
[Date "2021.09.02"]
[EventDate "2021.09.02"]
[Round "2.21"]
[White "Khandelwal, Ritisha"]
[WhiteElo "1220"]
[WhiteTeam "Chess Challengers D"]
[Black "Bengani, Arihant"]
[BlackElo "1013"]
[BlackTeam "Edgware Gambits G"]
[Result "1/2-1/2"]
[PlyCount "93"]

1. e4 e5 2. Nf3 Nc6 3. Bc4 Bc5 4. c3 Nf6 5. O-O O-O 6. b4 Bb6 7. d4 d6 8. dxe5 dxe5 9. Bg5 h6 10. Bh4 Bg4 11. Be2 Qxd1 12. Bxd1 Nxe4 13. Kh1 Rad8 14. Na3 Bxf3 15. Bxf3 Nd2 16. Rfd1 Nxf3 17. Bxd8 Nxd8 18. gxf3 Bxf2 19. Rd7 Bb6 20. Rad1 Ne6 21. Re7 Rd8 22. Rxd8+ Nxd8 23. Re8+ Kh7 24. Rxd8 c6 25. Rd7 f6 26. Rxb7 Be3 27. b5 cxb5 28. Nxb5 f5 29. Nxa7 e4 30. fxe4 fxe4 31. Re7 Kg6 32. Nc6 Kf5 33. Rxg7 h5 34. Rf7+ Ke6 35. Re7+ Kd5 36. Nb4+ Kc4 37. Rxe4+ Kxc3 38. Rxe3+ Kd2 39. Rh3 Kc1 40. Rxh5 Kb1 41. Rg5 Ka1 42. h4 Kb1 43. h5 Ka1 44. h6 Kb1 45. h7 Ka1 46. h8=Q+ Kb1 47. Qc3 1/2-1/2

[Event "Junior Online 4NCL Division 4"]
[Site "online"]
[Date "2021.09.02"]
[EventDate "2021.09.02"]
[Round "2.22"]
[White "Tager, Maya"]
[WhiteElo "982"]
[WhiteTeam "Edgware Gambits G"]
[Black "Bhaskaran, Adithya"]
[BlackElo "1200"]
[BlackTeam "Chess Challengers D"]
[Result "0-1"]
[PlyCount "101"]

1. e4 e5 2. Nf3 Nc6 3. Bb5 d6 4. c3 Bd7 5. d4 Nf6 6. Bxc6 Bxc6 7. dxe5 Nxe4 8. exd6 Bxd6 9. Qe2 O-O 10. O-O Re8 11. Qc2 Bc5 12. Be3 Bxe3 13. fxe3 h6 14. Qb3 Re7 15. Rd1 Rd7 16. Rxd7 Qxd7 17. Ne5 Qe6 18. Qxe6 fxe6 19. Nxc6 bxc6 20. Na3 Rd8 21. Nc4 Rd5 22. g3 Nd2 23. Nxd2 Rxd2 24. b4 Rd3 25. c4 Rxe3 26. b5 Rc3 27. bxc6 Rxc4 28. Rb1 Rxc6 29. Rb7 a6 30. Rb8+ Kf7 31. Kf2 Rc2+ 32. Kg1 Rxa2 33. Rb7 Rc2 34. h4 Kf6 35. Ra7 Rc6 36. Kg2 Kf5 37. Kf3 e5 38. g4+ Ke6 39. Ke4 Rc4+ 40. Kf3 e4+ 41. Kg3 Ke5 42. Rxa6 Rc3+ 43. Kh2 c6 44. Ra5+ Kf4 45. g5 h5 46. Ra1 Kg4 47. Rg1+ Kxh4 48. g6 Rh3+ 49. Kg2 Rg3+ 50. Kh2 Rxg1 51. Kxg1 0-1

[Event "Junior Online 4NCL Division 4"]
[Site "online"]
[Date "2021.09.02"]
[EventDate "2021.09.02"]
[Round "2.23"]
[White "Patel, Ananya"]
[WhiteElo "1104"]
[WhiteTeam "Chess Challengers D"]
[Black "Iyer, Shrinivas"]
[BlackElo "1000"]
[BlackTeam "Edgware Gambits G"]
[Result "1-0"]
[PlyCount "49"]

1. e4 e5 2. f4 d5 3. exd5 Nf6 4. fxe5 Nxd5 5. Nf3 Nc6 6. Bb5 Bd7 7. Bc4 Nb6 8. Bb3 Bb4 9. Nc3 O-O 10. O-O Bc5+ 11. d4 Be7 12. Re1 Re8 13. d5 Nb4 14. a3 Na6 15. Qd3 Nc5 16. Qe2 c6 17. d6 Bh4 18. Nxh4 Qxh4 19. g3 Qh3 20. Rf1 Bg4 21. Qf2 Rf8 22. Bxf7+ Rxf7 23. Qxf7+ Kh8 24. Qf8+ Rxf8 25. Rxf8# 1-0

[Event "Junior Online 4NCL Division 4"]
[Site "online"]
[Date "2021.09.02"]
[EventDate "2021.09.02"]
[Round "2.24"]
[White "Subramonian, Ananya"]
[WhiteElo "927"]
[WhiteTeam "Edgware Gambits G"]
[Black "Patel, Aashna"]
[BlackElo "1081"]
[BlackTeam "Chess Challengers D"]
[Result "0-1"]
[PlyCount "36"]

1. e4 e5 2. Nf3 Nf6 3. Nxe5 Nc6 4. Nxc6 dxc6 5. Nc3 Bc5 6. Bc4 b6 7. O-O Qd6 8. d3 Ng4 9. g3 h5 10. Qf3 f6 11. Qg2 h4 12. Re1 hxg3 13. hxg3 Qe5 14. Rd1 Qh5 15. Kf1 Bb4 16. Na4 Qh1+ 17. Ke2 Qxg2 18. a3 Qxf2# 0-1

[Event "Junior Online 4NCL Division 4"]
[Site "online"]
[Date "2021.09.02"]
[EventDate "2021.09.02"]
[Round "2.25"]
[White "Bengani, Arihant"]
[WhiteElo "1013"]
[WhiteTeam "Edgware Gambits G"]
[Black "Khandelwal, Ritisha"]
[BlackElo "1220"]
[BlackTeam "Chess Challengers D"]
[Result "0-1"]
[PlyCount "44"]

1. e4 e5 2. Nf3 Nc6 3. Bc4 Qf6 4. O-O Bc5 5. Nc3 Nge7 6. d3 O-O 7. Bg5 Qd6 8. Bxe7 Qxe7 9. Nd5 Qd6 10. c3 a6 11. b4 Ba7 12. d4 b5 13. Bb3 exd4 14. cxd4 Bb7 15. e5 Qe6 16. Nxc7 Qg4 17. Nxa8 Bxa8 18. d5 Nxb4 19. Qd2 Bb8 20. Nd4 Nxd5 21. Bxd5 Bxd5 22. Nb3 Qxg2# 0-1

[Event "Junior Online 4NCL Division 4"]
[Site "online"]
[Date "2021.09.02"]
[EventDate "2021.09.02"]
[Round "2.26"]
[White "Bhaskaran, Adithya"]
[WhiteElo "1200"]
[WhiteTeam "Chess Challengers D"]
[Black "Tager, Maya"]
[BlackElo "982"]
[BlackTeam "Edgware Gambits G"]
[Result "1-0"]
[PlyCount "57"]

1. e4 e5 2. Nf3 Nc6 3. Nc3 Nf6 4. Bc4 Nxe4 5. Bxf7+ Kxf7 6. Nxe4 d5 7. Nc3 e4 8. Ne5+ Nxe5 9. Qh5+ Ng6 10. Nxd5 Be6 11. Nf4 Qf6 12. Nd5 Bxd5 13. Qxd5+ Qe6 14. Qxb7 Bd6 15. O-O Qe5 16. g3 Nh4 17. Qb3+ Ke7 18. d3 exd3 19. Qxd3 Nf5 20. Bd2 Rad8 21. Rfe1 Qxe1+ 22. Rxe1+ Kf6 23. Bc3+ Kg6 24. g4 Bxh2+ 25. Kxh2 Rxd3 26. cxd3 Nh4 27. Kg3 Kg5 28. Re5+ Kf6 29. Re8+ 1-0

[Event "Junior Online 4NCL Division 4"]
[Site "online"]
[Date "2021.09.02"]
[EventDate "2021.09.02"]
[Round "2.27"]
[White "Iyer, Shrinivas"]
[WhiteElo "1000"]
[WhiteTeam "Edgware Gambits G"]
[Black "Patel, Ananya"]
[BlackElo "1104"]
[BlackTeam "Chess Challengers D"]
[Result "0-1"]
[PlyCount "96"]

1. e4 c6 2. d4 d5 3. e5 Bf5 4. Nf3 e6 5. Bg5 Be7 6. Be2 Bxg5 7. Nxg5 Qxg5 8. Nc3 Nd7 9. Qc1 Qxg2 10. Rf1 Qxh2 11. Qe3 Bxc2 12. Qd2 Bf5 13. O-O-O Qh6 14. Qxh6 Nxh6 15. Rg1 Rg8 16. Bh5 g6 17. Bf3 O-O-O 18. Rge1 Ng4 19. Bxg4 Bxg4 20. Rd3 Bf5 21. Rf3 Rgf8 22. Na4 Be4 23. Rb3 b5 24. Nc5 Nxc5 25. dxc5 a6 26. Ree3 f5 27. Ra3 Kb7 28. Reb3 h5 29. Ra5 g5 30. Kd1 h4 31. Ke1 g4 32. Kf1 Rg8 33. a4 h3 34. axb5 cxb5 35. Rc3 h2 36. c6+ Kc7 37. Rxa6 h1=Q+ 38. Ke2 Bf3+ 39. Ke3 Qe1+ 40. Kd4 Qd2+ 41. Kc5 Qxf2+ 42. Kxb5 Qxb2+ 43. Ka4 Qa1+ 44. Ra3 Qd4+ 45. Ka5 Qd2+ 46. Ka4 Bd1+ 47. Kb5 Rb8+ 48. Kc5 Qb4# 0-1

[Event "Junior Online 4NCL Division 4"]
[Site "online"]
[Date "2021.09.02"]
[EventDate "2021.09.02"]
[Round "2.28"]
[White "Patel, Aashna"]
[WhiteElo "1081"]
[WhiteTeam "Chess Challengers D"]
[Black "Subramonian, Ananya"]
[BlackElo "927"]
[BlackTeam "Edgware Gambits G"]
[Result "1-0"]
[PlyCount "35"]

1. e4 e5 2. Nf3 Nc6 3. Bc4 Nf6 4. d3 h6 5. Nc3 Bc5 6. h3 O-O 7. h4 d6 8. Ng5 hxg5 9. hxg5 Ng4 10. Qf3 Nb4 11. Bb3 Be6 12. a3 Bxb3 13. axb4 Bxb4 14. Qxg4 Bxc2 15. Qh5 f6 16. g6 Bxc3+ 17. bxc3 Rf7 18. Qh8# 1-0

[Event "Junior Online 4NCL Division 4"]
[Site "online"]
[Date "2021.09.02"]
[EventDate "2021.09.02"]
[Round "2.31"]
[White "Anandkumar, Govind"]
[WhiteElo "1217"]
[WhiteTeam "Young Dragons C"]
[Black "Qiu, Calvin"]
[BlackElo "1228"]
[BlackTeam "Muswell Hill Knights"]
[Result "1-0"]
[PlyCount "51"]

1. e4 e5 2. Nf3 Nc6 3. Bc4 Be7 4. c3 Nf6 5. Qe2 O-O 6. O-O d5 7. exd5 Nxd5 8. Nxe5 Nxe5 9. Qxe5 Nb6 10. Bb3 Re8 11. Qf4 Bf6 12. d4 Nd5 13. Bxd5 Qxd5 14. Qxc7 b6 15. Be3 Bb7 16. Qg3 Bh4 17. Qh3 Re6 18. Nd2 Rg6 19. f3 Ba6 20. Rfd1 Bg5 21. Bxg5 Rxg5 22. Ne4 Rh5 23. Qg4 Kh8 24. Re1 Bc8 25. Qg3 f5 26. Nf6 1-0

[Event "Junior Online 4NCL Division 4"]
[Site "online"]
[Date "2021.09.02"]
[EventDate "2021.09.02"]
[Round "2.32"]
[White "Shetty, Ahan"]
[WhiteElo "1116"]
[WhiteTeam "Muswell Hill Knights"]
[Black "Rajdev, Vamika"]
[BlackElo "1150"]
[BlackTeam "Young Dragons C"]
[Result "1-0"]
[PlyCount "49"]

1. d4 e6 2. e4 Nf6 3. Nc3 Bb4 4. e5 Bxc3+ 5. bxc3 Ne4 6. Qf3 Ng5 7. Qg3 h6 8. h4 Ne4 9. Qxg7 Rf8 10. Bxh6 Ke7 11. Qxf8+ Qxf8 12. Bxf8+ Kxf8 13. c4 d5 14. cxd5 exd5 15. h5 f6 16. h6 Ng5 17. exf6 Nf7 18. h7 Nh8 19. Bd3 Nd7 20. Rh6 Kf7 21. Nf3 Nxf6 22. Ne5+ Kg7 23. Rh2 Bd7 24. O-O-O Ba4 25. Rdh1 1-0

[Event "Junior Online 4NCL Division 4"]
[Site "online"]
[Date "2021.09.02"]
[EventDate "2021.09.02"]
[Round "2.33"]
[White "Bagga, Khushi"]
[WhiteElo "1071"]
[WhiteTeam "Young Dragons C"]
[Black "Crichton, Finlay"]
[BlackElo "1012"]
[BlackTeam "Muswell Hill Knights"]
[Result "1/2-1/2"]
[PlyCount "120"]

1. e4 e5 2. Nf3 Nc6 3. Nc3 Bb4 4. Nd5 Bc5 5. Nxe5 Nxe5 6. d4 c6 7. dxc5 cxd5 8. Qxd5 Nc6 9. Bc4 Qf6 10. O-O Nge7 11. Qh5 O-O 12. c3 g6 13. Qe2 Ne5 14. Bh6 Nxc4 15. Bxf8 Kxf8 16. Qxc4 d6 17. f4 dxc5 18. Qxc5 Qb6 19. Qxb6 axb6 20. a3 f5 21. exf5 Bxf5 22. Rad1 b5 23. Rd6 Ra6 24. Rd8+ Kf7 25. Rb8 b6 26. Rb7 Bc8 27. Rc7 Bf5 28. Re1 Be6 29. g4 Kf6 30. g5+ Kf7 31. Re5 Ra4 32. Rxb5 Rxf4 33. Rxb6 Rf5 34. a4 Rxg5+ 35. Kf2 Kf6 36. a5 Nd5 37. Rxe6+ Kxe6 38. Rc6+ Kd7 39. Rc5 Kd6 40. Rb5 Re5 41. c4 Nc7 42. Rb6+ Kd7 43. a6 Ra5 44. b4 Rxa6 45. Rxa6 Nxa6 46. b5 Nc5 47. Ke3 Kd6 48. Kd4 h5 49. b6 g5 50. Ke3 g4 51. Kf4 Ne6+ 52. Kf5 Nd4+ 53. Kg5 Kc6 54. Kxh5 Kxb6 55. Kxg4 Kc5 56. h4 Kxc4 57. h5 Nc6 58. h6 Ne5+ 59. Kf5 Nf7 60. Kg6 Nxh6 1/2-1/2

[Event "Junior Online 4NCL Division 4"]
[Site "online"]
[Date "2021.09.02"]
[EventDate "2021.09.02"]
[Round "2.34"]
[White "Gelmini, Leonardo"]
[WhiteElo "952"]
[WhiteTeam "Muswell Hill Knights"]
[Black "Swartz, Edward RG"]
[BlackElo "1013"]
[BlackTeam "Young Dragons C"]
[Result "0-1"]
[PlyCount "136"]

1. c4 e5 2. Nc3 Bb4 3. d3 Nc6 4. Bd2 Nf6 5. g3 d5 6. Bg2 Bxc3 7. Bxc3 d4 8. Bxc6+ bxc6 9. Bd2 h6 10. Nf3 Qd6 11. Qc2 Bb7 12. a3 c5 13. b4 cxb4 14. Bxb4 Qe6 15. Qa4+ Bc6 16. Qa6 Bxf3 17. Qxe6+ fxe6 18. exf3 Nd7 19. O-O-O c5 20. Bd2 O-O 21. f4 exf4 22. Bxf4 g5 23. Bd6 Rxf2 24. Rdf1 Ra2 25. Kb1 Rxa3 26. Kb2 Rxd3 27. Rd1 Rxd1 28. Rxd1 a5 29. Re1 e5 30. Bxe5 Nxe5 31. Rxe5 Rc8 32. Ka3 Kf7 33. Ka4 Kf6 34. Re2 Rb8 35. Kxa5 Rb4 36. Rc2 Kf5 37. Rd2 Kg4 38. Rd3 Rxc4 39. Kb5 Rc2 40. Ra3 Rxh2 41. Kxc5 Rh3 42. Kxd4 Rxg3 43. Ra6 h5 44. Ke4 h4 45. Rh6 Rf3 46. Rh8 Rf4+ 47. Ke5 Kg3 48. Rg8 Rg4 49. Kf5 h3 50. Rxg5 Rxg5+ 51. Kxg5 h2 52. Kh5 h1=Q+ 53. Kg5 Qe4 54. Kf6 Qd5 55. Kg6 Kg4 56. Kf6 Qa5 57. Ke6 Kf4 58. Kd6 Ke4 59. Kc6 Kd4 60. Kd6 Qa6+ 61. Kd7 Kc5 62. Ke7 Kd5 63. Kf7 Ke5 64. Kg7 Kf5 65. Kh7 Kg5 66. Kg7 Qb7+ 67. Kg8 Kf6 68. Kh8 Qg7# 0-1

[Event "Junior Online 4NCL Division 4"]
[Site "online"]
[Date "2021.09.02"]
[EventDate "2021.09.02"]
[Round "2.35"]
[White "Qiu, Calvin"]
[WhiteElo "1228"]
[WhiteTeam "Muswell Hill Knights"]
[Black "Anandkumar, Govind"]
[BlackElo "1217"]
[BlackTeam "Young Dragons C"]
[Result "0-1"]
[PlyCount "107"]

1. e4 e6 2. d4 d5 3. exd5 exd5 4. Nf3 Nf6 5. Nc3 Bg4 6. h3 Bh5 7. Be3 Bd6 8. Be2 O-O 9. Qd3 Nc6 10. g4 Bg6 11. Qd2 Ne4 12. Nxe4 Bxe4 13. h4 Bb4 14. c3 Bd6 15. h5 h6 16. g5 Bxf3 17. Bxf3 hxg5 18. Bxg5 Re8+ 19. Kd1 f6 20. Bxd5+ Kf8 21. Be3 Re7 22. h6 gxh6 23. Rxh6 Rg7 24. Rh8+ Ke7 25. Rxd8 Rxd8 26. Bf4 Rg1+ 27. Kc2 Rxa1 28. Bxd6+ Rxd6 29. Qe3+ Kd7 30. Qh3+ Kd8 31. Qh8+ Kd7 32. Qg7+ Ne7 33. Qg4+ f5 34. Qe2 Rxd5 35. Kb3 Rd6 36. Qb5+ Rc6 37. Qa4 Rf1 38. Qxa7 Rb6+ 39. Kc2 Rxf2+ 40. Kd3 Rf3+ 41. Kc2 Rf2+ 42. Kd3 Rfxb2 43. Qa4+ Kd8 44. Qa8+ Nc8 45. Qa5 f4 46. Qd5+ Rd6 47. Qg8+ Kd7 48. Qf7+ Ne7 49. Qxf4 Rxa2 50. Qg4+ Re6 51. d5 Nxd5 52. Qg7+ Ne7 53. Qd4+ Rd6 54. Qxd6+ 0-1

[Event "Junior Online 4NCL Division 4"]
[Site "online"]
[Date "2021.09.02"]
[EventDate "2021.09.02"]
[Round "2.36"]
[White "Rajdev, Vamika"]
[WhiteElo "1150"]
[WhiteTeam "Young Dragons C"]
[Black "Shetty, Ahan"]
[BlackElo "1116"]
[BlackTeam "Muswell Hill Knights"]
[Result "0-1"]
[PlyCount "56"]

1. d4 Nf6 2. c4 e6 3. Nc3 d5 4. e3 c6 5. Nf3 g6 6. Bd3 Bg7 7. O-O O-O 8. h3 Nbd7 9. e4 dxe4 10. Nxe4 Nxe4 11. Bxe4 Nb6 12. c5 Nd5 13. Re1 Nf6 14. Bg5 Qd7 15. Ne5 Qc7 16. Re3 Nxe4 17. Rxe4 f6 18. Bf4 fxe5 19. Bxe5 Bxe5 20. Rxe5 Qf7 21. Qe1 Bd7 22. f3 Rad8 23. Rd1 Rde8 24. d5 exd5 25. b4 Rxe5 26. Qxe5 Qe6 27. Qc7 Bc8 28. Qa5 Qe3+ 0-1